Правда ли это? 7 - Statistics

General Stats
  • This quiz has been taken 1 time
  • The average score is 18 of 30
Answer Stats
Question Answer % Correct
Иван Павлов работал над своим именитым экспериментом с условными рефлексами у млекопитающих в течение почти 10-ти лет Да
100%
Композитор Александр Бородин вне искусства занимался химией Да
100%
Шимпанзе может освоить печать на пишущей машинке Нет
100%
Врачи по всему миру начали носить белые халаты только в XIII веке Нет
100%
При изготовлении крафтового тёмного пива не используются дрожжи Нет, используются
100%
Нейросеть DeepSeek игнорирует запросы, содержащие числа "46" и "64" Нет
100%
На лобные доли мозга современного человека приходится почти 40% от общего объёма коры его полушарий Да
100%
Муха de facto пробует варенье, уже просто садясь на него Да
100%
По канонам иудаизма на территориях синагог запрещено сморкаться Нет
100%
В XX веке наличие кислорода в шахтах проверяли с помощью канареек Да
100%
Ещё в конце XIX века никто на Земле практически ничего не знал о баскетболе Да, не знали
100%
Современные космонавты давным-давно не едят еду из тюбиков Да, они едят обычную пищу
100%
Вблизи экватора в ночном небе иногда можно увидеть Марс Да
100%
В некоторых культурах приветственный взмах рукой считается неприличным жестом Да
100%
Богомолы могут обитать и на Кубани Да
100%
В начале XX века мистики проводили спиритические сеансы с использованием электрических приборов Да
100%
На момент начала 2026 года на Vimeo загружено больше видео, чем на YouTube Нет
100%
У Александра Пушкина есть стихи без рифмы Да
100%
Жители Гавайев дополнительно имеют отдельный от американского внутренний паспорт Нет
0%
В СССР было запрещено клеить марки на письма, идущие в военные части и тюрьмы Нет
0%
Вратарь Сборной СССР по футболу Лев Яшин был также профессиональным фотографом Нет
0%
Советский писатель-фантаст Александр Беляев не знал разницы между весом и силой тяжести Нет, он знал
0%
Согласно современной астрономии, звёзды могут существовать в 4-хмерном пространстве Да
0%
Стивен Хокинг лично написал сценарий к одной из серий "Доктора Кто" Нет
0%
Вопреки распространённому мнению, карамель вредит зубной эмали куда меньше шоколадных конфет Нет
0%
Ртуть имеет свойство поглощать некоторые другие металлы Да
0%
Самые большие биологические клетки содержатся в мякоти цитрусовых Нет
0%
Дайвинг иногда используют для лечения кессонной болезни Да
0%
Для производства часовых механизмов в Швейцарии часто используют драгоценные и полудрагоценные каменья Да
0%
Ост-Индская торговая компания de facto никогда не считала пиратство серьёзной угрозой своему бизнесу Нет, она серьёзно с ним боролась
0%
No matching quizzes found
Score Distribution
Percent of People with Each Score
Percentile by Number Answered
Your Score History
You have not taken this quiz